Politika zaměstnanosti a náklady nezaměstnanosti v České republice

Analýza dopadov zmien v politike zamestnanosti, vrátane vstupu Českeju republiky do Európskej únie a hospodárskej recesie, na vývoj trhu práce a popis vývoja výdavkov na nezamestnanosť a politiku zamestnanosti.

Gespeichert in:
Bibliographische Detailangaben
1. Verfasser: Čejka, Robin
Weitere Verfasser: Vnoučková, Lucie
Format: Buchkapitel
Sprache:Tschechisch
Schlagworte:
Tags: Tag hinzufügen
Keine Tags, Fügen Sie das erste Tag hinzu!

MARC

LEADER 00000naa a2200000 4500
001 0194280
005 20220713131227.0
041 0 |a cze 
044 |a CZ 
245 1 0 |a Politika zaměstnanosti a náklady nezaměstnanosti v České republice  |c Robin Čejka, Lucie Vnoučková 
520 |a Analýza dopadov zmien v politike zamestnanosti, vrátane vstupu Českeju republiky do Európskej únie a hospodárskej recesie, na vývoj trhu práce a popis vývoja výdavkov na nezamestnanosť a politiku zamestnanosti. 
610 2 0 |a Česko 
610 2 0 |a nezamestnanosť 
610 2 0 |a výdavky 
610 2 0 |a kríza hospodárska 
610 2 0 |a politika zamestnanosti 
610 2 0 |a trh práce 
100 1 |a Čejka, Robin 
700 1 |a Vnoučková, Lucie